000 00454nam a2200157 a 4500
001 000032742
005 20200930065815.0
008 110726s1912 dr a 000 | spa d
040 _aDO-SdBNP
_bspa
_cBNPHU
082 _axx
_bL791f
100 1 _aLlaverías, Federico
_910157
245 1 4 _aUna forma de ceremonial diplomático /
_cFederico Llaverías.
260 _aSanto Domingo :
_bImprenta Escobar,
_c1912.
300 _a90 p. ;
_c24 cm.
049 _aBNPD
999 _c32233
_d32233